00489 2200193 4500001002100000005001500021008004100036020002200077035001900099041000700118082000800125090001400133100002400147245003800171260002500209300002000234500001100254650003000265INLIS00000000000329420241224112709241224||||||||| | ||| |||| || |  a978-602-255-398-4 0010-1224003294 aid0 a923 a923 MAS a0 aMasykur Arif Rahman00aAndai Pak Harto Nyapres, Kupilih! aJakartabSaufac2013 a188 hlm.; 20 cm aCet. 1 0aIlmu Sejarah dan Biografi